| 000 | 00383nam a2200157Ia 4500 | ||
|---|---|---|---|
| 005 | 20251020182559.0 | ||
| 008 | 200515s9999 xx 000 0 und d | ||
| 082 | _aSC/331.16/G79 | ||
| 100 | _aGRADOS BERTORINI, Alfonso | ||
| 245 | 0 | _aDemocracia y solidaridad en un paĆs en desarrollo | |
| 260 | _aLima | ||
| 260 | _c1982 | ||
| 300 | _a139 | ||
| 650 | _aDEMOCRACIA | ||
| 942 | _cLIB | ||
| 999 |
_c2991 _d2991 |
||